000 00247nam a2200097Ia 4500
001 801053
005 20250826171030.0
008 250824s9999 xx 000 0 und d
245 0 _aOSMANLI TARİHİ
_cZEHRA AYGÜL
260 _bUĞUR BÖCEĞİ YAYINLARI
999 _c801053
_d801053